Geography Quiz

Random Geography or City Quiz

Link the Capitals Quiz Stats

 Plays Quiz Updated Jul 31, 2019

Score 0/26 Timer 06:00
1 Play Today
Countries Link Word % Correct
United States & New Zealand (3 letters)ton
88.8%
Vatican City & Australia (3 letters)can
87.5%
Netherlands & Syria (3 letters)dam
85.9%
Austria & Laos (3 letters)vie
83.8%
Finland & Moldova (3 letters)sin
83.1%
Armenia & Cuba (3 letters)van
81.9%
Argentina & Kenya (3 letters)air
81.8%
Republic of the Congo & Brazil (3 letters)bra
81.6%
Denmark & Cambodia (3 letters)pen
81.5%
Iran & Albania (3 letters)ran
79.8%
Panama & Belize (3 letters)pan
77.9%
Chile & Dominican Republic (3 letters)ant
77.3%
Thailand & Central African Republic (4 letters)bang
76.3%
Countries Link Word % Correct
Jamaica & St. Vincent and the Grenadines (5 letters)kings
73.7%
Guatemala & Kuwait (4 letters)city
72.8%
Andorra & Angola (3 letters)and
72.2%
Sudan & Indonesia (3 letters)art
70.4%
Nicaragua & Bahrain (3 letters)man
60%
Madagascar & Kazakhstan (3 letters)tan
57.9%
Barbados & Guyana (4 letters)town
55.4%
Kiribati & Mongolia (3 letters)tar
52.1%
Vanuatu & Papua New Guinea (4 letters)port
51.9%
Uzbekistan & Turkmenistan (3 letters)ash
47.5%
Eritrea & Suriname (3 letters)mar
46.5%
Grenada & Antigua and Barbuda (5 letters)saint
41.6%
Gambia & eSwatini (3 letters)ban
37.6%

You're not logged in!

Compare scores with friends on all Sporcle quizzes.
OR
Log In

Sporcle TV

Today on Sporcle TV


Watch our educational content, quiz creation guides, and fun videos on Sporcle TV.

Show Comments

Extras

Top Quizzes Today


Score Distribution

Your Account Isn't Verified!

In order to create a playlist on Sporcle, you need to verify the email address you used during registration. Go to your Sporcle Settings to finish the process.

Report this User

Report this user for behavior that violates our Community Guidelines.

Details: